Online
Catalog

Interpretación de electrocardiogramas / (Record no. 35718)

MARC details
000 -CABECERA
campo de control de longitud fija 00656nam a2200181 a 4500
001 - NÚMERO DE CONTROL
campo de control 000036227
005 - FECHA Y HORA DE LA ÚLTIMA TRANSACCIÓN
campo de control 20200930074956.0
008 - DATOS DE LONGITUD FIJA--INFORMACIÓN GENERAL
campo de control de longitud fija 120111s1988 sp ad 000 0 spa d
040 ## - FUENTE DE LA CATALOGACIÓN
Centro catalogador/agencia de origen DO-SdBNP
Lengua de catalogación spa
Centro/agencia transcriptor BNPHU
082 ## - NÚMERO DE LA CLASIFICACIÓN DECIMAL DEWEY
Número de clasificación xxx
Número de documento/Ítem I61
245 00 - MENCIÓN DE TÍTULO
Título Interpretación de electrocardiogramas /
Mención de responsabilidad, etc. editor Barbara McVan ; traductora Ma. Rosa Castellsagué ; prólogo P. Vilagrasa, M. Peya.
260 ## - PUBLICACIÓN, DISTRIBUCIÓN, ETC.
Lugar de publicación, distribución, etc. Barcelona :
Nombre del editor, distribuidor, etc. Ediciones Doyma,
Fecha de publicación, distribución, etc. 1988.
300 ## - DESCRIPCIÓN FÍSICA
Extensión 160 p. :
Otras características físicas il., diagrs. ;
Dimensiones 24 cm.
700 1# - PUNTO DE ACCESO ADICIONAL--NOMBRE DE PERSONA
Nombre de persona McVan, Barbara,
Término indicativo de función/relación ed.
9 (RLIN) 62297
700 1# - PUNTO DE ACCESO ADICIONAL--NOMBRE DE PERSONA
Nombre de persona Castellsagué, Ma. Rosa,
Término indicativo de función/relación tr.
9 (RLIN) 62298
700 1# - PUNTO DE ACCESO ADICIONAL--NOMBRE DE PERSONA
Nombre de persona Vilagrasa, P.,
Término indicativo de función/relación pról.
9 (RLIN) 62299
700 1# - PUNTO DE ACCESO ADICIONAL--NOMBRE DE PERSONA
Nombre de persona Peya, M.,
Término indicativo de función/relación pról.
9 (RLIN) 62300
Holdings
Estado de retiro Estado de pérdida Restricciones de uso No para préstamo Código de colección Localización permanente Ubicación/localización actual Ubicación en estantería Fecha de adquisición Número de inventario Total de préstamos Signatura topográfica completa Código de barras Fecha visto por última vez Precio válido a partir de Tipo de ítem Koha
        Monografías: Libros y Folletos General General Orden iniciada 11.01.2012 LF1   xxx I61 36227-10 25.06.2020 25.06.2020 No se presta

Powered by Koha